000 00289nam a22001337a 4500
008 170615b xxu||||| |||| 00| 0 eng d
020 _a9781111211479
041 _aeng
080 _a328
100 _a19
101 _aSHP
245 _aAMERICAN GOVERNMENT
_cWATERMAN,R
942 _2udc
_cBK
999 _c17491
_d17491